Missing Word: Dolly Parton Songs Quiz Stats

 Plays Quiz Updated Jan 12, 2018

Challenge
Share
Tweet
Embed
Score 0/20 Timer 03:00
1 Play Today
Song Title Missing Word % Correct
I Will _____ Love YouAlways
95.2%
Coat of Many _____Colors
90.4%
Silver and _____Gold
85.3%
Old Flames Can't Hold a _____ to YouCandle
84.4%
Here You Come _____Again
83.9%
_____ in the Stream**Islands
81%
_____ Is Like a ButterflyLove
78.7%
But You _____ I Love YouKnow
74.8%
Why'd You Come in Here _____ Like ThatLookin'
64.1%
_____ Don't Stop Lovin' Me*Please
62.8%
Song Title Missing Word % Correct
It's All _____, But It's All RightWrong
62.8%
Light of a Clear _____ MorningBlue
53.6%
Potential _____ BoyfriendNew
48%
Hard _____ ChristmasCandy
31.2%
_____ RosesYellow
27.2%
_____ I'm BurningBaby
24%
_____ Homesick BluesTennessee
16.7%
Travelin' _____Thru
8.4%
Say _____ You'll Be Mine*Forever
7.9%
Heartbreak _____Express
6.1%

Today's Daily Dose

Missing Word
Madam, I'm Adam

Quick Pick
Meat vs Animal

On This Day
October 21st II

You're not logged in!

Compare scores with friends on all Sporcle quizzes.
Join for Free
OR
Log In

You Might Also Like...

Show Comments

Extras

Top Quizzes Today


Score Distribution

Your Account Isn't Verified!

In order to create a playlist on Sporcle, you need to verify the email address you used during registration. Go to your Sporcle Settings to finish the process.

Report this User

Report this user for behavior that violates our Community Guidelines.

Details: